| 000 | 00474nam a2200181 4500 | ||
|---|---|---|---|
| 003 | SEACOMMC | ||
| 005 | 20231018060416.0 | ||
| 008 | 231018b |||||||| |||| 00| 0 eng d | ||
| 020 | _cRs. 200.00 | ||
| 040 | _aSEACOMMC | ||
| 082 |
_a658.31245 _bVJA |
||
| 100 | _aV.J. Association | ||
| 245 | 1 |
_aEffective call center training _bsoft skills _cV.J. Association |
|
| 260 |
_aNew Delhi _bExcel _c2001 |
||
| 650 | _aManagement | ||
| 650 | _aPersonnel management | ||
| 942 | _cBOOK | ||
| 999 |
_c235 _d235 |
||